House-keeping management in hotels

Bibliographic Details
Main Author: Banerjee, Anita
Other Authors: Chakravarti, B.K
Format: Book
Published: New Delhi : APH Publishing Corporation , 2007
Subjects:

MARC

LEADER 00000cam a2200000 7i4500
001 0000018374
005 20131227.0
008 080605
020 |a 8131301842 
090 0 0 |a 647.94   |b BAN 
100 1 |a Banerjee, Anita 
245 1 0 |a House-keeping management in hotels   |c Anita Banerjee, B.K. Chakravarti 
260 |a New Delhi :   |b APH Publishing Corporation ,   |c 2007 
650 0 |a Customer services 
650 0 |a Hotels and motels 
700 1 |a Chakravarti, B.K. 
999 |a 0001019872   |b Book   |c REFERENCE   |e Perbadanan Perpustakaan Awam Johor 
999 |a 0001019873   |b Book   |c REFERENCE   |e Perbadanan Perpustakaan Awam Johor 
999 |a 0001228466   |b Book   |c REFERENCE   |e Perbadanan Perpustakaan Awam Johor